000 00641nam a2200229Ia 4500
003 OSt
005 20220928100057.0
006 a|||||r|||| 00| 0
007 ta
008 220927b |||||||| |||| 00| 0 eng d
024 _a64000
037 _cTextual
040 _aSDCL
_cSDCL
_beng
041 _2eng
_aeng
082 _aY:1.73om2'N8, M5
100 _aRanchan Som P
_9391573
245 0 _aSojourn in America
_b An encounter and reverberation
260 _aNew Delhi
_bVikas publishing house
_c1985
300 _a130
_ccm.
942 _hY:1.73om2'N8, M5
_cTEXL
_2CC
999 _c707378
_d707378